Every Song by Reel Big Fish - Statistics

General Stats
  • This quiz has been taken 6 times
  • The average score is 11 of 116
Answer Stats
Album Song % Correct
Everything Sucks(1995) Beer
75%
Turn the Radio Off(1996) Sell Out
75%
We're Not Happy 'til You're Not Happy(2005) A-W-E-S-O-M-E
50%
Cheer Up!(2002) Ban the Tube Top
50%
Cheer Up!(2002) Cheer Up
50%
Turn the Radio Off(1996) Everything Sucks
50%
Turn the Radio Off(1996) She Has a Girlfriend Now
50%
We're Not Happy 'til You're Not Happy(2005) Your Guts (I Hate 'Em)
50%
Life Sucks...Let's Dance!(2018) Another Beer Song
25%
Duet All Night Long(2007) Ask
25%
Candy Coated Fury(2012) Don't Stop Skankin'
25%
We're Not Happy 'til You're Not Happy(2005) Drinkin'
25%
Cheer Up!(2002) Drunk Again
25%
Candy Coated Fury(2012) Everyone Else Is an Asshole
25%
Candy Coated Fury(2012) Famous Last Words
25%
Candy Coated Fury(2012) I Dare You to Break My Heart
25%
Candy Coated Fury(2012) I Know You Too Well to Like You Anymore
25%
Candy Coated Fury(2012) I Love/You Suck
25%
Life Sucks...Let's Dance!(2018) Life Sucks... Let's Dance!
25%
Candy Coated Fury(2012) Lost Cause
25%
Duet All Night Long(2007) Lyin' Ass Bitch
25%
Candy Coated Fury(2012) P.S. I Hate You
25%
Candy Coated Fury(2012) Punisher
25%
Why Do They Rock So Hard?(1998) She's Famous Now
25%
Candy Coated Fury(2012) She's Not the End of the World
25%
Turn the Radio Off(1996) S.R.
25%
Why Do They Rock So Hard?(1998) The Kids Don't Like It
25%
Why Do They Rock So Hard?(1998) The Set Up (You Need This)
25%
We're Not Happy 'til You're Not Happy(2005) Turn the Radio Off
25%
Keep Your Receipt(1997) Unity
25%
Cheer Up!(2002) Where Have You Been?
25%
Candy Coated Fury(2012) Your Girlfriend Sucks
25%
Turn the Radio Off(1996) 241
0%
Cheer Up!(2002) A Little Doubt Goes a Long Way
0%
Turn the Radio Off(1996) All I Want is More
0%
Turn the Radio Off(1996) Alternative, Baby
0%
Monkeys for Nothin' and the Chimps for Free(2007) Another F.U. Song
0%
Monkeys for Nothin' and the Chimps for Free(Bonus)(2007) Bang! The Mouse Explodes
0%
Everything Sucks(1995) Big Fuckin' Star
0%
Why Do They Rock So Hard?(1998) Big Star
0%
Life Sucks...Let's Dance!(2018) Bleached Thang, Baby
0%
Life Sucks...Let's Dance!(2018) Bob Marley's Toe
0%
Everything Sucks(1995) Boyfriend
0%
Cheer Up!(2002) Brand New Hero
0%
Why Do They Rock So Hard?(1998) Brand New Song
0%
Everything Sucks(1995) Call You
0%
Monkeys for Nothin' and the Chimps for Free(2007) Cannibal
0%
Turn the Radio Off(Hidden)(1996) Cool Ending
0%
Cheer Up!(2002) Dateless Losers
0%
Monkeys for Nothin' and the Chimps for Free(2007) Til I Hit the Ground
0%
We're Not Happy 'til You're Not Happy(2005) Don't Start a Band
0%
Why Do They Rock So Hard?(1998) Down in Flames
0%
Monkeys for Nothin' and the Chimps for Free(2007) Everybody's Drunk
0%
Why Do They Rock So Hard?(1998) Everything Is Cool
0%
Everything Sucks(1995) Fo' Head
0%
Everything Sucks(1995) Fuck Yourself
0%
Life Sucks...Let's Dance!(2018) G.D. Beautiful Day
0%
Everything Sucks(1995) Go Away
0%
Cheer Up!(2002) Good Thing
0%
Everything Sucks(1995) Hate You
0%
Candy Coated Fury(2012) Hiding in My Headphones
0%
Life Sucks...Let's Dance!(2018) I'd Rather Get It Wrong
0%
Everything Sucks(1995) I'll Never Be
0%
Turn the Radio Off(1996) I'll Never Be...
0%
Everything Sucks(1995) | Why Do They Rock So Hard?(1998) I'm Cool
0%
Everything Sucks(Bonus)(2000) I'm Her Man
0%
Life Sucks...Let's Dance!(2018) In Love Again
0%
Life Sucks...Let's Dance!(2018) I Should Know by Now
0%
Duet All Night Long(2007) It's Not Easy
0%
Everything Sucks(1995) I Want Your Girlfriend to Be My Girlfriend Too
0%
Keep Your Receipt(1997) I Want Your Radio
0%
Everything Sucks(1995) Jig
0%
Everything Sucks(1995) Join the Club
0%
We're Not Happy 'til You're Not Happy(2005) Last Show
0%
Monkeys for Nothin' and the Chimps for Free(2007) Live Your Dream
0%
Monkeys for Nothin' and the Chimps for Free(2007) My Imaginary Friend
0%
Turn the Radio Off(1996) Nothin'
0%
Candy Coated Fury(2012) Oh, Rudy
0%
We're Not Happy 'til You're Not Happy(2005) One Hit Wonderful
0%
Monkeys for Nothin' and the Chimps for Free(2007) Party Down
0%
Life Sucks...Let's Dance!(2018) Pissed Off
0%
Monkeys for Nothin' and the Chimps for Free(2007) Please Don't Tell Her I Have a Girlfriend
0%
Cheer Up!(2002) Rock 'n' Roll Is Bitchin'
0%
We're Not Happy 'til You're Not Happy(2005) Say Goodbye
0%
Cheer Up!(2002) Sayonara Senorita
0%
Everything Sucks(1995) Say 'Ten'
0%
Why Do They Rock So Hard?(1998) Scott's a Dork
0%
Everything Sucks(1995) Skatanic
0%
Monkeys for Nothin' and the Chimps for Free(2007) Slow Down
0%
Everything Sucks(1995) Snoop Dog, Baby
0%
Why Do They Rock So Hard?(1998) Somebody Hates Me
0%
Cheer Up!(2002) Somebody Loved Me
0%
Why Do They Rock So Hard?(1998) Song #3
0%
Everything Sucks(Hidden)(1995) Spin the Globe
0%
Cheer Up!(2002) Suckers
0%
Everything Sucks(Bonus)(2000) Super Hero #5
0%
Why Do They Rock So Hard?(1998) Thank You for Not Moshing
0%
We're Not Happy 'til You're Not Happy(2005) The Bad Guy
0%
We're Not Happy 'til You're Not Happy(2005) The Fire
0%
We're Not Happy 'til You're Not Happy(2005) The Joke's on Me
0%
Why Do They Rock So Hard?(Hidden)(1998) The Legend of Alan Guile Versus Peter Bones
0%
Monkeys for Nothin' and the Chimps for Free(2007) The New Version of You
0%
Life Sucks...Let's Dance!(2018) Tongue Tied and Tipsy Too
0%
Everything Sucks(1995) Trendy
0%
Cheer Up!(2002) Valerie
0%
Why Do They Rock So Hard?(1998) Victory Over Peter Bones
0%
Life Sucks...Let's Dance!(2018) Walter's Highlife
0%
We're Not Happy 'til You're Not Happy(Bonus)(2005) Way Back
0%
Why Do They Rock So Hard?(1998) We Care
0%
Cheer Up!(2002) What Are Friends For
0%
Everything Sucks(1995) Why Do All Girls Think They're Fat?
0%
Monkeys for Nothin' and the Chimps for Free(2007) Will the Revolution Come?
0%
Life Sucks...Let's Dance!(2018) You Can't Have All of Me
0%
Why Do They Rock So Hard?(1998) You Don't Know
0%
We're Not Happy 'til You're Not Happy(Hidden)(2005) You're Gonna Die
0%
No matching quizzes found
Score Distribution
Percent of People with Each Score
Percentile by Number Answered
Your Score History
You have not taken this quiz